000 00849aam a2200301 i 4500
001 348
003 CO-MdBIC
005 20210918084930.0
008 210918t1996 us ||||| |||| 00| 0 eng d
020 _a0-19-864226-1
040 _bspa.
_aCO-MdFUSB
_cCO-MdFUSB
_dCO-MdFUSBC
_erda
041 _aeng
_agrc
082 0 4 _aR 483 L712g
100 1 _aLiddell and Scott
245 1 0 _aA Greek-english lexicon / Henry George Leddell, Robert Scott, Compiled
_c/
250 _a9 With revised sopplement
260 _a Clarendon
264 1 _aUSA, :
_bOxford University Press,
_c[1996]
264 4 _c© 1996
300 _a2362 Pág.
_c;
336 _2rdacontent
_atexto
_btxt
337 _2rdamedia
_asin mediación
_bn
338 _2rdacarrier
_avolumen
_bnc
653 _aGreek-English
653 _aLexicon
942 _cBK
945 _aEstudiantes
999 _c31884
_d31884